Proyectos de investigación. Año académico 1979

Uloženo v:
Podrobná bibliografie
Korporace: Universidad Católica de Valparaíso (Autor), Vice Rectoría Académica (Autor), Dirección general de Investigación (Autor)
Médium: Kniha
Jazyk:španělština
Vydáno: Valparaíso Universidad Católica de Valparaíso 1979
Vydání:1a. ed
Témata:
Tagy: Přidat tag
Žádné tagy, Buďte první, kdo vytvoří štítek k tomuto záznamu!

MARC

LEADER 00000nam a2200000 a 4500
001 UCJ4956
003 CL-VaPUC
008 070124e19790700CL |||||||||||||||||spa|d
082 0 4 |a 378  |b UNI  |2 21 
110 2 |a Universidad Católica de Valparaíso  |e author  |9 509541 
710 2 |a Vice Rectoría Académica  |e author  |9 509542 
710 2 |a Dirección general de Investigación  |e author  |9 509543 
245 1 0 |a Proyectos de investigación. Año académico 1979 
250 |a 1a. ed 
300 |a 57 p 
942 |c BK 
945 |d 20070124 00:00:00  |a rinostro 
260 |a Valparaíso  |b Universidad Católica de Valparaíso  |c 1979 
650 0 |a Investigación  |9 257811 
583 |a last modification  |c 20070124 00:00:00  |k Rodrigo Vera 
999 |c 321070  |d 321068 
952 |0 0  |1 0  |4 0  |6 378_000000000000000_UNI_1979  |7 0  |8 X  |9 399731  |a FDOBUD  |b FDOBUD  |d 2019-11-22  |i 1028200  |o 378 UNI 1979  |p 1028200  |r 2019-11-22  |w 2019-11-22  |y BK_X  |k FHP